书目信息 |
| 题名: |
高分子合成原理及工艺学
|
|
| 作者: | 向福如 , 李克友 , 张菊花 主编 | |
| 分册: | ||
| 出版信息: | 北京 科学出版社 1999 |
|
| 页数: | 746 | |
| 开本: | 26cm | |
| 丛书名: | ||
| 单 册: | ||
| 中图分类: | TQ31 | |
| 科图分类: | ||
| 主题词: | 高聚物--化学工业 | |
| 电子资源: | ||
| ISBN: | 7-03-007554-4 | |
| 000 | 00661nam0 2200205 450 | |
| 001 | 0754114953 | |
| 005 | 20070929150154.95 | |
| 010 | @a7-03-007554-4 | |
| 100 | @a20070929d km y0chiy0120 ea | |
| 101 | 0 | @achi |
| 200 | 1 | @a高分子合成原理及工艺学@Agao fen zi he cheng yuan li ji gong yi xue@f李克友,张菊花,向福如 主编@Fli ke you,zhang ju hua,xiang fu ru zhu bian |
| 210 | @a北京@c科学出版社@d1999 | |
| 215 | @a746@c插图@d26cm | |
| 606 | 0 | @a高聚物@x化学工业 |
| 690 | @aTQ31@v3 | |
| 701 | 0 | @a向福如@Axiang fu ru@4主编 |
| 701 | 0 | @a李克友@Ali ke you@4主编 |
| 701 | 0 | @a张菊花@Azhang ju hua@4主编 |
| 801 | 0 | @aCN@bPFT@c20070929 |
| 905 | @a213230@dTQ31@eh67@f1 | |
| 高分子合成原理及工艺学/李克友,张菊花,向福如 主编.-北京:科学出版社,1999 |
| 746:插图;26cm |
| ISBN 7-03-007554-4: |
| ● |
| 相关链接 |
|
|
|
|
正题名:高分子合成原理及工艺学
索取号:TQ31/h67
 
预约/预借
| 序号 | 登录号 | 条形码 | 馆藏地/架位号 | 状态 | 备注 |
| 1 | 6001059 | 260010598 | 密集书库-化学系/ [索取号:TQ31/h67] | 在馆 |